| 000 | 00700nac a22001931u 4500 | ||
|---|---|---|---|
| 020 | _a8188458635 | ||
| 082 |
_a621.38154 _bS61735 |
||
| 090 |
_c2916 _d2916 |
||
| 100 | _aSingh ,K.Sudeep. | ||
| 245 |
_aTrouble Shooting and Maintenance Of Electronic Equipments / _cK.Sudeep Singh. |
||
| 260 |
_aDelhi:2004. _bS.K.Kataria and Sons , _cc2004. |
||
| 300 |
_a194p.: _bill; _c25cm. |
||
| 504 | _aIncludes Index. | ||
| 650 | _aelectric equipments | ||
| 650 | _aelectronic equipments | ||
| 700 | _aSingh ,K.Sudeep. | ||
| 942 |
_cBB _k621.38154S61735 |
||
| 999 |
_c2916 _d2916 |
||